00544nam a2200205Ia 4500003000900000008004100009040001300050040001300063041000800076100001600084245012200100250002200222260002300244260000900267300001100276300001000287490000600297700001700303700001800320IT-RoPAU120407s9999 xx 000 0 und d aIT-RoPAU cIT-RoPAU aita aN. Castello aPadre Pio nella sua interiorità€. Figlio di Maria, Francescano, stigmatizzato, sacerdote, apostolo, guida spirituale aCinisello Balsamo aSan Paolo Edizioni c1997 a286 p. c22 cm v1 aA. Negrisolo aS. M. Manelli